Who won the World cup in what years? - Statistics

General Stats
  • This quiz has been taken 61 times
  • The average score is 19 of 21
Answer Stats
Winners of the World Cup Answers % Correct
2018 France
98%
1998 France
98%
2014 Germany
96%
1990 Germany
96%
1974 Germany
96%
1954 Germany
96%
1986 Argentina
94%
1978 Argentina
94%
2002 Brazil
94%
1994 Brazil
94%
1970 Brazil
94%
1962 Brazil
94%
1958 Brazil
94%
2010 Spain
92%
2006 Italy
90%
1982 Italy
90%
1938 Italy
90%
1934 Italy
90%
1966 England
86%
1950 Uruguay
84%
1930 Uruguay
84%
No matching quizzes found
Score Distribution
Percent of People with Each Score
Percentile by Number Answered
Your Score History
You have not taken this quiz